000
00309nam a2200121Ia 4500
005
20251222144708.0
008
251222s9999||||xx |||||||||||||| ||spa||
020
_a
9972-00-615-8
082
_a
610.734/C29
245
0
_a
Manual de la Cruz Roja de Primeros Auxilios
264
_b
Cruz Roja Peruana
942
_c
LIB
999
_c
17704
_d
17704